00721nam a2200217Ia 4500003000900000008004100009020001800050040001600068080001400084100002300098245010600121260004000227300000900267650002000276650002800296650001600324700002300340942000700363999001700370952011600387IN-BaIIA211028s9999 xx 000 0 eng d a81-7371-071-6 cIIA Library a92:5bGRI aGribbin, J.920557 0aHalley (1656-1742) in 90 minutescJ. Gribbin and M. Gribbin  aHyderabadbUniversities Pressc1998 a78p. aBiography91224 aHalley-biography922049 aPhysics973 aGribbin, M.922050 cBK c12583d12583 00104070aBANbBANcGENd1998-07-30g45.00l0o92:5/ GRIp13500r2021-11-05v45.00w1998-07-30yBKGRs. 45.00